Every Men's Tennis Grand Slam Quarter Finalist - Statistics

General Stats
  • This quiz has been taken 165 times
  • The average score is 101 of 379
Answer Stats
Player AUS FRE WIM US Total % Correct
Novak Djokovic 13 17 14 13 57
100%
Rafael Nadal 14 16 8 9 47
100%
Roger Federer 15 12 18 13 58
100%
Andy Murray 7 7 10 6 30
99%
André Sá - - 1 - 1
98%
Andre Agassi 7 9 7 13 36
97%
Pete Sampras 6 4 9 10 29
95%
Björn Borg - 7 8 6 21
94%
John McEnroe 4 4 9 9 26
91%
Patrick McEnroe 1 - - 1 2
91%
Ivan Lendl 8 7 7 12 34
90%
Boris Becker 4 4 11 4 23
89%
Lleyton Hewitt 1 2 5 7 15
89%
Andy Roddick 6 - 5 8 19
88%
Jimmy Connors 2 8 14 17 41
87%
Stanislas Wawrinka 5 5 2 6 18
87%
David Ferrer 6 6 2 3 17
86%
Juan Martín del Potro 2 3 2 6 13
85%
Dominic Thiem 1 5 - 2 8
84%
Mats Wilander 5 7 3 5 20
84%
Stefan Edberg 10 4 7 5 26
84%
Alexander Zverev 2 5 - 3 10
83%
Anderi Medvedev 1 3 - 1 5
83%
Carlos Alcaraz - 2 1 3 6
83%
Daniil Medvedev 2 1 1 4 8
83%
Marin Čilić 2 3 4 5 14
83%
Mischa Zverev 1 - - - 1
83%
Rod Laver 1 2 3 1 7
83%
Stefanos Tsitsipas 4 3 - - 7
83%
Jannik Sinner 1 1 2 1 5
81%
Marat Safin 3 2 2 2 9
81%
Patrick Rafter 1 1 3 2 7
80%
Arthur Ashe 4 2 3 6 15
79%
Jo-Wilfried Tsonga 5 3 4 3 15
78%
Michael Chang 3 4 1 5 13
77%
Goran Ivanišević 3 3 7 1 14
76%
Carlos Moyá 2 4 - 2 8
74%
Juan Carlos Ferrero 2 4 2 1 9
74%
Gustavo Kuerten - 5 1 2 8
73%
Kei Nishikori 4 3 2 3 12
73%
John Isner - - 1 2 3
72%
Nick Kyrgios 1 - 2 1 4
72%
Casper Ruud - 2 - 1 3
71%
Gaël Monfils 2 4 - 4 10
71%
Stan Smith - 2 3 5 10
71%
Milos Raonic 5 1 4 - 10
70%
Richard Gasquet - 1 2 2 5
70%
Tomáš Berdych 7 3 5 2 17
70%
Andrey Rublev 2 2 1 4 9
69%
Grigor Dimitrov 4 - 1 1 6
69%
Jim Courier 5 5 2 3 15
69%
Matteo Berrettini 1 1 1 3 6
69%
Kevin Anderson - - 1 2 3
68%
Mal Anderson 1 - - - 1
68%
Yevgeny Kafelnikov 5 5 1 2 13
68%
Guillermo Vilas 4 9 2 4 19
67%
Ilie Năstase - 5 4 3 12
67%
Holger Rune - 2 1 - 3
66%
John Newcombe 8 1 4 5 18
66%
Taylor Fritz - - 1 1 2
66%
Thomas Muster 3 3 - 3 9
66%
Yannick Noah 2 5 - 3 10
66%
Fabio Fognini - 1 - - 1
62%
Richard Krajicek 1 2 3 3 9
61%
Tommy Haas 3 1 1 3 8
61%
Félix Auger-Aliassime 1 - 1 1 3
60%
Gastón Gaudio - 1 - - 1
60%
Frances Tiafoe 1 - - 2 3
59%
Ken Rosewall 5 2 3 5 15
57%
Marcelo Ríos 3 2 - 1 6
57%
Michael Stich 2 2 4 2 10
57%
Denis Shapovalov 1 - 1 1 3
56%
Gilles Simon 1 - 1 - 2
56%
Nikolay Davydenko 4 4 - 2 10
56%
Pablo Carreño Busta - 2 - 2 4
56%
Petr Korda 2 1 1 2 6
56%
Sebastian Korda 1 - - - 1
56%
Joachim Johansson - - - 1 1
53%
Marcos Baghdatis 1 - 2 - 3
53%
Thomas Johansson 1 - 1 2 4
53%
Roberto Bautista Agut 1 - 1 - 2
52%
Robin Söderling - 3 1 2 6
52%
Karen Khachanov 1 2 1 1 5
51%
Albert Costa 1 4 - - 5
50%
David Nalbandian 4 2 2 2 10
50%
Guillermo Coria - 2 - 2 4
50%
Tim Henman - 1 8 1 10
50%
Borna Ćorić - - - 1 1
49%
David Goffin 1 1 2 - 4
49%
Fernando Verdasco 1 - 1 2 4
49%
Hubert Hurkacz - - 1 - 1
49%
Tommy Paul 1 - - - 1
49%
Cameron Norrie - - 1 - 1
48%
Fernando González 1 3 1 2 7
48%
Lucas Pouille 1 - 1 1 3
48%
Pancho Gonzales - 1 - 1 2
48%
Sergi Bruguera - 4 - - 4
47%
Vitas Gerulaitis 1 3 4 3 11
47%
Pat Cash 4 - 4 1 9
46%
Ben Shelton 1 - - 1 2
45%
Diego Schwartzman - 3 - 2 5
45%
Feliciano López - - 3 1 4
45%
Roscoe Tanner 1 - 5 5 11
45%
Mark Philippoussis - - 4 1 5
44%
Byron Black - - 1 1 2
43%
Sam Querrey - - 3 1 4
43%
Àlex Corretja - 5 - 1 6
41%
Andrés Gómez - 4 1 1 6
40%
Jan Kodeš - 4 3 3 10
40%
Janko Tipsarević - - - 2 2
40%
Tommy Robredo 1 5 - 1 7
40%
Alex de Minaur - - - 1 1
39%
Mardy Fish 1 - 1 1 3
39%
Manuel Orantes - 4 1 4 9
38%
Nicolás Almagro 1 3 - - 4
36%
Arnaud Clément 1 - 1 1 3
35%
Adriano Panatta - 5 1 - 6
34%
Brian Teacher 2 - 1 - 3
34%
Kyle Edmund 1 - - - 1
34%
Sébastien Grosjean 4 2 3 - 9
34%
Billy Martin - - 1 - 1
33%
Ernests Gulbis - 2 - - 2
33%
Jerzy Janowicz - - 1 - 1
33%
Mark Edmondson 4 - 1 - 5
33%
Mikhail Youzhny 1 1 1 3 6
33%
Todd Martin 3 - 4 3 10
33%
Ivan Ljubičić 1 1 - - 2
32%
Ivo Karlović - - 1 - 1
32%
Philipp Kohlschreiber - - 1 - 1
32%
Cédric Pioline - 2 4 2 8
31%
Johan Kriek 5 1 2 3 11
31%
Marco Cecchinato - 1 - - 1
31%
Vasek Pospisil - - 1 - 1
31%
James Blake 1 - - 2 3
29%
Bernard Tomic - - 1 - 1
28%
Gilles Müller - - 1 1 2
28%
Jürgen Melzer - 1 - - 1
28%
Magnus Norman 1 2 - - 3
28%
Radek Štěpánek - - 1 - 1
28%
Alexandr Dolgopolov 1 - - - 1
27%
Andrés Gimeno 1 3 1 - 5
27%
Greg Rusedski - - 1 1 2
27%
Mariano Puerta - 1 - - 1
27%
Martin Verkerk - 1 - - 1
27%
Rainer Schüttler 1 - 1 - 2
27%
Aslan Karatsev 1 - - - 1
26%
Mario Ančić - 1 3 - 4
26%
Wayne Ferreira 3 - 1 1 5
24%
Albert Ramos-Viñolas - 1 - - 1
22%
Emilio Sánchez - 1 - 1 2
22%
Guillermo Cañas - 3 - - 3
22%
Henri Leconte - 5 3 1 9
22%
Javier Sánchez - - - 2 2
22%
Jonas Björkman 2 - 2 3 7
22%
MaliVai Washington 1 - 1 - 2
22%
Thomas Enqvist 2 - 1 - 3
22%
Marc Rosset 1 1 - - 2
21%
Roy Emerson 1 1 1 1 4
21%
Chung Hyeon 1 - - - 1
20%
Florian Mayer - - 2 - 2
20%
Gene Mayer - - 2 2 4
20%
Sandy Mayer - - 3 - 3
20%
Todd Woodbridge - - 1 - 1
20%
Xavier Malisse - - 1 - 1
20%
Miloslav Mečíř 2 1 2 2 7
19%
Cristian Garín - - 1 - 1
18%
Guy Forget 2 - 3 - 5
18%
Nicolas Kiefer 3 - 1 1 5
18%
Tony Roche 5 1 4 2 12
18%
Alberto Berasategui 1 1 - - 2
17%
Alejandro D Fokina - 1 - - 1
17%
John Millman - - - 1 1
17%
Lloyd Harris - - - 1 1
17%
Andrei Chesnokov 2 3 - - 5
16%
Félix Mantilla 1 1 - - 2
16%
Jarkko Nieminen 1 - 1 1 3
16%
Łukasz Kubot - - 1 - 1
16%
Márton Fucsovics - - 1 - 1
16%
Tennys Sandgren 2 - - - 2
16%
Dominik Hrbatý 2 1 - 1 4
15%
Fabrice Santoro 1 - - - 1
15%
Jérémy Chardy 1 - - - 1
15%
Jiří Novák 1 - - - 1
15%
John Lloyd 2 - - 1 3
15%
Mikael Pernfors 1 1 - - 2
15%
Tom Okker 2 2 5 2 11
15%
Younes El Aynaoui 2 - - 2 4
15%
Christopher Eubanks - - 1 - 1
14%
Juan Ignacio Chela - 2 - 1 3
14%
Julien Benneteau - 1 - - 1
14%
Mark Woodforde 1 - - - 1
14%
Aaron Krickstein 1 - - 3 4
13%
Andrei Pavel - 1 - - 1
13%
Kevin Curren 1 - 3 - 4
13%
Nicolás Lapentti 1 - 1 - 2
13%
Sjeng Schalken - - 3 2 5
13%
Guido Pella - - 1 - 1
12%
Max Mirnyi - - - 1 1
12%
Phil Dent 3 1 1 - 5
12%
Chris Lewis - - 1 - 1
11%
Jiří Lehečka 1 - - - 1
11%
Robby Ginepri - - - 1 1
11%
Tim Mayotte 2 - 6 1 9
11%
Victor Hănescu - 1 - - 1
11%
Brian Gottfried - 1 2 2 5
10%
Franco Squillari - 1 - - 1
10%
Scott Davis 1 - - - 1
10%
Alexander Volkov - - - 2 2
9%
Alex Metreveli 3 1 3 1 8
9%
Brad Gilbert - - 1 1 2
9%
Chris Woodruff 1 - - - 1
9%
Harold Solomon - 5 - 1 6
9%
Hicham Arazi 2 2 - - 4
9%
Karel Nováček - 2 - 1 3
9%
Anders Järryd 2 - 2 1 5
7%
Andrei Cherkasov - 1 - 1 2
7%
Christophe R-Vasselin - 1 - - 1
7%
Fernando Meligeni - 1 - - 1
7%
Ion Țiriac - 1 - - 1
7%
Nicolas Escudé 1 - 1 1 3
7%
Patrick Proisy 1 2 - - 3
7%
Paul McNamee 2 - - - 2
7%
Roger Taylor 1 1 2 - 4
7%
Steve Denton 2 - - - 2
7%
Tomás Martín Etcheverry - 1 - - 1
7%
Victor Pecci Sr. - 2 - - 2
7%
Vladimir Voltchkov - - 1 - 1
7%
Wojtek Fibak - 2 1 1 4
7%
Filip Dewulf - 2 - - 2
6%
Goran Prpić 1 1 - - 2
6%
Jakob Hlasek - 1 - - 1
6%
Jonas Svensson 1 2 - - 3
6%
José Luis Clerc - 2 - - 2
6%
Karol Kučera 2 - - 1 3
6%
Kim Warwick 3 - - 1 4
6%
Peter Fleming - - 1 - 1
6%
Peter McNamara 2 1 1 - 4
6%
Raúl Ramírez - 5 3 1 9
6%
Roman Safiullin - - 1 - 1
6%
Thierry Champion - 1 1 - 2
6%
Vijay Amritraj - - 2 2 4
6%
Wally Masur 2 - - 1 3
6%
Georges Goven - 1 - - 1
5%
Igor Andreev - 1 - - 1
5%
Jaime Yzaga 1 - - 1 2
5%
Jason Stoltenberg - - 1 - 1
5%
Jimmy Arias - 1 - 1 2
5%
Joakim Nyström - 1 - 2 3
5%
John Marks 1 - - - 1
5%
Nikola Pilić - 1 - 1 2
5%
Onny Parun 1 1 2 1 5
5%
Ramesh Krishnan - - 1 2 3
5%
Renzo Furlan - 1 - - 1
5%
Ronald Agénor - 1 - - 1
5%
Slobodan Živojinović 1 - 2 - 3
5%
Barry Phillips-Moore 1 - - - 1
4%
Brett Steven 1 - - - 1
4%
Eliot Teltscher 1 - - 3 4
4%
Fred Stolle 1 1 - 2 4
4%
John Sadri 2 - 1 - 3
4%
Magnus Gustafsson 1 - - - 1
4%
Magnus Larsson - 1 - 3 4
4%
Mark Cox 1 - - - 1
4%
Nicklas Kulti - 1 - - 1
4%
Paul Haarhuis - - - 1 1
4%
Ray Moore - - 1 1 2
4%
Tomáš Šmíd 1 - 1 - 2
4%
Vince Spadea 1 - - - 1
4%
Željko Franulović - 3 - - 3
4%
Alberto Mancini - 1 - - 1
3%
Balázs Taróczy - 2 - - 2
3%
Ben Testerman 1 - - - 1
3%
Cliff Drysdale 1 - 1 1 3
3%
Cliff Richey - 1 1 2 4
3%
Corrado Barazzutti - 2 - 1 3
3%
Darren Cahill - - - 1 1
3%
Dennis Ralston 1 - 1 2 4
3%
Dick Crealy 4 - - - 4
3%
Eddie Dibbs - 4 - 3 7
3%
Franco Davin - 1 - - 1
3%
Galo Blanco - 1 - - 1
3%
Heinz Günthardt - - 1 1 2
3%
Henrik Sundström - 1 - - 1
3%
Jan Gunnarsson 1 - - - 1
3%
Jan-Michael Gambill - - 1 - 1
3%
Jay Berger - 1 - 1 2
3%
John Alexander 5 - - - 5
3%
Mariano Zabaleta - - - 1 1
3%
Martín Jaite - 1 - - 1
3%
Pat DuPré - - 1 1 2
3%
Paul Annacone - - 1 - 1
3%
Robert Lutz 1 - 1 - 2
3%
Robin Drysdale 1 - - - 1
3%
Tim Gullikson - - 1 - 1
3%
Tom Gullikson - - - 1 1
3%
Alexander Popp - - 2 - 2
2%
Allan Stone 1 - - - 1
2%
Amos Mansdorf 1 - - - 1
2%
Botic van de Zandschlup - - - 1 1
2%
Clark Graebner - - 3 2 5
2%
David Wheaton 1 - 1 1 3
2%
Dick Stockton - 1 1 2 4
2%
François Jauffret - 2 - - 2
2%
Frank Froehling - 1 - 1 2
2%
Guillermo Pérez Roldán - 1 - - 1
2%
Jaime Fillol Sr. - - - 1 1
2%
John Cooper 2 - - - 2
2%
Karl Meiler 1 - - - 1
2%
Lu Yen-hsun - - 1 - 1
2%
Ray Ruffels 4 - - - 4
2%
Rod Frawley 1 - 1 - 2
2%
Shlomo Glickstein 1 - - - 1
2%
Shuzo Matsuoka - - 1 - 1
2%
Tom Gorman - 1 1 1 3
2%
Victor Amaya 1 - - - 1
2%
Alex Rădulescu - - 1 - 1
1%
Bernd Karbacher - 1 - 1 2
1%
Bill Scanlon 1 - 1 1 3
1%
Bob Carmichael 1 - 1 - 2
1%
Bob Giltinan 2 - - - 2
1%
Butch Buchholz 1 - 1 1 3
1%
Christian Bergström 1 - 2 - 3
1%
Davide Sanguinetti - - 1 - 1
1%
Derrick Rostagno - - - 1 1
1%
Frew McMillan - - - 1 1
1%
Hank Pfister 3 - - - 3
1%
Hans Gildemeister - 3 - - 3
1%
Jacco Eltingh 1 - 1 - 2
1%
Jan Siemerink - - 1 - 1
1%
John Andrews - 1 - - 1
1%
José Higueras - 4 - - 4
1%
Marcelo Filippini - 1 - - 1
1%
Marty Riessen 1 - - 1 2
1%
Mel Purcell - - 1 - 1
1%
Mikael Tillström 1 - - - 1
1%
Milan Šrejber - - - 1 1
1%
Paolo Bertolucci - 1 - - 1
1%
Ross Case 3 - - - 3
1%
Slava Doseděl - - - 1 1
1%
Stefan Koubek 1 - - - 1
1%
Tim Wilkison - - - 1 1
1%
Wanaro N'Godrella 1 - - - 1
1%
William Bowrey 1 - - - 1
1%
Adrian Voinea - 1 - - 1
0%
Andrew Pattison - - - 1 1
0%
Boro Jovanović - 1 - - 1
0%
Brad Drewett 1 - - - 1
0%
Brad Pearce - - 1 - 1
0%
Brian Fairlie - - - 1 1
0%
Bruce Manson - - - 1 1
0%
Butch Walts - - - 1 1
0%
Byron Bertram - - 1 - 1
0%
Charlie Pasarell - - 1 - 1
0%
Colin Dibley 2 - 2 - 4
0%
Cristiano Caratti 1 - - - 1
0%
Dan Goldie - - 1 - 1
0%
Drew Gitlin 1 - - - 1
0%
Geoff Masters 1 - - - 1
0%
Hans-Jürgen Pohmann - 1 - - 1
0%
Hendrik Dreekmann - 1 - - 1
0%
Ismail El Shafei - - 1 - 1
0%
István Gulyás - 1 - - 1
0%
Jürgen Fassbender - - 1 - 1
0%
Kelly Evernden 1 - - - 1
0%
Mark Dickson - - - 1 1
0%
Martin Mulligan - 1 - - 1
0%
Michiel Schapers 2 - - - 2
0%
Patricio Cornejo - 1 - - 1
0%
Patrik Kühnen - - 1 - 1
0%
Paul Chamberlin - - 1 - 1
0%
Paul Kronk 1 - - - 1
0%
Peter Feigl 1 - - - 1
0%
Peter Rennert 2 - - - 2
0%
Ricardo Acuña - - 1 - 1
0%
Rodney Harmon - - - 1 1
0%
Sammy Giammalva Jr. 1 - - - 1
0%
Thomaz Koch - 1 - - 1
0%
Todd Witsken 1 - - - 1
0%
Vladimír Zedník 1 - - - 1
0%
No matching quizzes found
Score Distribution
Percent of People with Each Score
Percentile by Number Answered
Your Score History
You have not taken this quiz